00547nam a2200145Ia 4500008004100000020001800041041000800059082003000067100004000097245003600137260003500173300000900208999001900217952016500236230411s9999 xx 000 0 und d a0 412 54310 9 aeng aMS/617.412/MAR/MAR/B05929 aMarks Charles & Marks Peter9178784 aFundamentals of Cardiac Surgery bChapman and HallaLondonc1993 a242p c156393d156393 001040708MSaBTINbBTINd2010-01-13eBritish Libraryg100.00l0oMS 617.412 MAR MAR B05929pBTIN-BK-5929r2023-04-11 00:00:00v100.00w2010-01-13yBKzB05929